000
00374nam a22001577a 4500
003
MPLRDC
005
20220104114445.0
008
210129b ||||| |||| 00| 0 eng d
082
_a
857.63 CKL v.209*
100
_a
岑凯伦著
245
_a
无歌的幽谷
_c
260
_a
_b
环球图书杂志出版社
_c
300
_b
平
650
_a
942
_c
BK
_o
857.63 CKL v.209*
999
_c
7618
_d
7608